The Logical Elimination Click Quiz: US Presidents - Statistics

General Stats
  • This quiz has been taken 1,178 times
  • The average score is 6 of 12
Answer Stats
Hint Explanation Answer % Correct
Resigned From Office Richard Nixon Richard Nixon
89%
Served Two Full Terms Barack Obama, Bill Clinton, George W. Bush, Ronald Reagan Barack Obama
69%
Not Directly Elected When They Took Office Gerald Ford, Lyndon B. Johnson Lyndon B. Johnson
56%
Former Vice President George H. W. Bush, Gerald Ford, Joe Biden, Lyndon B. Johnson, Richard Nixon Joe Biden
53%
Won Nobel Peace Prize After Time in Office Jimmy Carter Jimmy Carter
49%
Was Impeached Bill Clinton, Donald J. Trump Bill Clinton
48%
President during the 1970s Gerald Ford, Jimmy Carter, Richard Nixon Gerald Ford
48%
President After JFK But Before George H.W. Bush Gerald Ford, Jimmy Carter, Lyndon B. Johnson, Richard Nixon, Ronald Reagan Ronald Reagan
41%
President During Vietnam War Gerald Ford, John F. Kennedy, Lyndon B. Johnson, Richard Nixon John F. Kennedy
39%
Has Been Shot Donald J. Trump, John F. Kennedy, Richard Nixon Donald J. Trump
38%
Republican Donald J. Trump, George H. W. Bush, George W. Bush, Gerald Ford, Richard Nixon, Ronald Reagan George H. W. Bush
31%
Former Governor Bill Clinton, George W. Bush, Jimmy Carter, Ronald Reagan George W. Bush
28%
No matching quizzes found
Score Distribution
Percent of People with Each Score
Percentile by Number Answered
Your Score History
You have not taken this quiz